<?xml version="1.0" encoding="UTF-8"?>
<collection xmlns="http://www.loc.gov/MARC21/slim">
  <record>
    <leader>00000nam  2200000   4500</leader>
    <controlfield tag="001">INLIS000000000020396</controlfield>
    <controlfield tag="005">20250617015050</controlfield>
    <datafield tag="035" ind1="#" ind2="#">
      <subfield code="a">0010-0625000138</subfield>
    </datafield>
    <controlfield tag="007">ta</controlfield>
    <controlfield tag="008">250617################|##########|#|##</controlfield>
    <datafield tag="084" ind1="#" ind2="#">
      <subfield code="a">R 093 PKN II 2023</subfield>
    </datafield>
    <datafield tag="100" ind1=" " ind2="#">
      <subfield code="a">Efran</subfield>
    </datafield>
    <datafield tag="245" ind1="1" ind2="#">
      <subfield code="a">Strategi Pencegahan Dan Penanggulangan Bencana Banjir Berbasis Pemberdayaan Melalui Program BERINGKES (Bersih Lingkungan Bersama) di Pemerintah Kota Pangkalpinang /</subfield>
      <subfield code="c">Efran</subfield>
    </datafield>
    <datafield tag="260" ind1="#" ind2="#">
      <subfield code="a">Jakarta :</subfield>
      <subfield code="b">Pusbangkom Pimnas dan Manajerial ASN,</subfield>
      <subfield code="c">2023</subfield>
    </datafield>
    <datafield tag="300" ind1="#" ind2="#">
      <subfield code="a">130 hlm. ;</subfield>
      <subfield code="c">30 cm</subfield>
    </datafield>
    <datafield tag="650" ind1="#" ind2="4">
      <subfield code="a">Pencegahan Bencana</subfield>
    </datafield>
    <datafield tag="520" ind1="#" ind2="#">
      <subfield code="a">Badan Penanggulangan Bencana Daerah selaku organisasi perangkat daerah di Kota Pangkalpinang yang memiliki tanggung jawab pelayanan publik dalam penyelenggaraan penanggulangan bencana. Badan Penanggulangan Bencana Daerah (BPBD) terbentuk tindak terlepas dari perkembangan penanggulangan bencana yang ada di Kota Pangkalpinang. Perkembangan tersebut sangat dipengaruhi pada konteks situasi, cakupan dan paradigma penanggulangan bencana.</subfield>
    </datafield>
    <datafield tag="990" ind1="#" ind2="#">
      <subfield code="a">2407093</subfield>
    </datafield>
  </record>
</collection>
